LEADER 04880nam 2200505 450 001 9910467651103321 005 20220528064637.0 010 $a90-04-34219-2 024 7 $a10.1163/9789004342194 035 $a(CKB)4100000000729593 035 $a(OCoLC)1012394009 035 $a(nllekb)BRILL9789004342194 035 $a(Au-PeEL)EBL5570510 035 $a(OCoLC)1065059264 035 $a(ScCtBLL)bdc2a2fe-831a-4a0b-a7a1-8ca20243e3a2 035 $a(MiAaPQ)EBC5570510 035 $a(EXLCZ)994100000000729593 100 $a20220528d2017 uy 0 101 0 $aeng 135 $aurcnu|||||||| 181 $ctxt$2rdacontent 182 $cc$2rdamedia 183 $acr$2rdacarrier 200 00$aIndigenous peoples' cultural heritage $erights, debates and challenges /$fAlexandra Xanthaki [and three others] 210 1$aLeiden :$cBrill,$d[2017] 210 4$d©2017 215 $a1 online resource (359 pages) 300 $aInternational conference proceedings. 311 $a90-04-34218-4 320 $aIncludes bibliographical references and index. 327 $tPreliminary Material /$rAlexandra Xanthaki , Sanna Valkonen , Leena Heinämäki and Piia Nuorgam -- $tInternational Instruments on Cultural Heritage: Tales of Fragmentation /$rAlexandra Xanthaki -- $tIndigenous Peoples, Human Rights, and Cultural Heritage: Towards a Right to Cultural Integrity /$rJérémie Gilbert -- $tIndigenous Cultural Heritage in the Implementation of UNESCO?s World Heritage Convention: Opportunities, Obstacles and Challenges /$rStefan Disko -- $tTowards Sámi Self-determination over Their Cultural Heritage: The UNESCO World Heritage Site of Laponia in Northern Sweden /$rLeena Heinämäki , Thora Herrmann and Carina Green -- $tOn Transfer of Sámi Traditional Knowledge: Scientification, Traditionalization, Secrecy, and Equality /$rElina Helander-Renvall and Inkeri Markkula -- $tIndigenous Creativity and the Public Domain ? Terra Nullius Revisited? /$rMattias Ĺhrén -- $tAn Ontological Politics of and for the Sámi Cultural Heritage ? Reflections on Belonging to the Sámi Community and the Land /$rSanna Valkonen , Jarno Valkonen and Veli-Pekka Lehtola -- $tLinks between Lands, Territories, Environment and Cultural Heritage ? The Recognition of Sámi Lands in Norway /$rŘyvind Ravna -- $tThe Self-Governing of Inuit Cultural Heritage in Canada: The Path so Far /$rViolet Ford -- $tCultural Heritage, Traditional Knowledge and Intellectual Property /$rDaphne Zografos Johnsson and Hai-Yuean Tualima -- $tWider Use of Traditional Sámi Dress in Finland: Discrimination against the Sámi? /$rPiia Nuorgam -- $tThe Cultural Heritage of South Africa?s Khoisan /$rWilla Boezak -- $tIndigenous Peoples? Right to Own Legal Orders and Governance Systems in The International Human Rights Regime /$rAnne-Maria Magga -- $tUnder the Umbrella: The Remedial Penumbra of Self-Determination, Retroactivity and the Restitution of Cultural Property to Indigenous Peoples /$rShea Elizabeth Esterling -- $tReparations for Wrongs against Indigenous Peoples? Cultural Heritage /$rFederico Lenzerini -- $tContributors /$rAlexandra Xanthaki , Sanna Valkonen , Leena Heinämäki and Piia Nuorgam -- $tIndex /$rAlexandra Xanthaki , Sanna Valkonen , Leena Heinämäki and Piia Nuorgam. 330 $aIndigenous rights to heritage have only recently become the subject of academic scholarship. This collection aims to fill that gap by offering the fruits of a unique conference on this topic organised by the University of Lapland with the help of the Office of the High Commissioner for Human Rights. The conference made clear that important information on Indigenous cultural heritage has remained unexplored or has not been adequately linked with specific actors (such as WIPO) or specific issues (such as free, prior and informed consent). Indigenous leaders explained the impact that disrespect of their cultural heritage has had on their identity, well-being and development. Experts in social sciences explained the intricacies of indigenous cultural heritage. Human rights scholars talked about the inability of current international law to fully address the injustices towards indigenous communities. Representatives of International organisations discussed new positive developments. This wealth of experiences, materials, ideas and knowledge is contained in this important volume. 606 $aIndigenous peoples$xLegal status, laws, etc 606 $aIndigenous peoples$xCivil rights 615 0$aIndigenous peoples$xLegal status, laws, etc. 615 0$aIndigenous peoples$xCivil rights. 676 $a342.0872 702 $aXanthaki$b Alexandra 801 0$bMiAaPQ 801 1$bMiAaPQ 801 2$bMiAaPQ 906 $aBOOK 912 $a9910467651103321 996 $aIndigenous peoples' cultural heritage$91905840 997 $aUNINA